Sporclin' Through the '60s III Quiz Stats

 Plays Quiz Updated Jan 2, 2019

Score 0/36 Timer 06:00
0 Plays Today
Hint Answer % Correct
 
▼    Movies    ▼
 
Mary Poppins
92.1%
Jackie Kennedy
91.5%
 
▼    Television    ▼
 
The Jetsons
88.8%
 
▼    Music    ▼
 
Aretha Franklin
84.4%
The Munsters
81.4%
 
▼    History    ▼
 
Che Guevara
81.3%
Alfred Hitchcock
79.5%
Roy Orbison
75.2%
The Doors
75%
I Dream of Jeannie
74.3%
Easy Rider
73.9%
The Bullwinkle Show
73.4%
My Fair Lady
70.6%
The Monkees
69.7%
Lincoln Logs
68.1%
Bonanza
67.4%
 
▼    Gaming    ▼
 
Big Wheel
64.9%
Easy Bake Oven
63.8%
Hint Answer % Correct
Guess Who's Coming to Dinner
58.6%
Doctor Zhivago
55.4%
The Great Escape
53.7%
Lite-Brite
52.7%
The Avengers
47.8%
Trouble
45.7%
Jerry Lee Lewis
43.6%
Pablo Picasso
40.8%
View-Master
38.9%
Roberto Clemente
37.2%
 
▼    Sports    ▼
 
Jerry West
33.2%
Bob Gibson
26.4%
Bart Starr
25.8%
Gary Player
24.1%
Nikita Khrushchev
24%
Marvin Gaye
23.6%
Gamal Abdel Nasser
23%
Wilma Rudolph
22.4%

You're not logged in!

Compare scores with friends on all Sporcle quizzes.
OR
Log In

Show Comments

Extras

Top Quizzes Today


Score Distribution

Your Account Isn't Verified!

In order to create a playlist on Sporcle, you need to verify the email address you used during registration. Go to your Sporcle Settings to finish the process.

Report this User

Report this user for behavior that violates our Community Guidelines.

Details: